Directorio de ciencias ecologicas de america latina.

Bibliographic Details
Corporate Author: Unesco. Regional Office for Science and Technology for Latin America and the Carribean
Format: Book
Language:Spanish
English
French
Published: Montevideo, Uruguay : Oficina Regional de Ciencia y Tecnologia de la Unesco para America Latina y el Caribe, 1983.
Subjects:

MARC

Tag First Indicator Second Indicator Subfields
LEADER 00000cam a2200000 a 4500
001 in00000536310
005 20151013163358.0
008 840309s1983 uy a b 00100 spa d
020 |a 9233021297 
035 |a (OCoLC)10501756 
035 |9 ACG8095AM 
040 |a AZU  |c AZU  |d TXA  |d UtOrBLW 
041 0 |a spa  |a eng  |a fre 
043 |a cl ----- 
049 |a TXAM  |c [1677408] 
090 |a QH541.2  |b .D57 1983 
245 0 0 |a Directorio de ciencias ecologicas de america latina. 
264 1 |a Montevideo, Uruguay :  |b Oficina Regional de Ciencia y Tecnologia de la Unesco para America Latina y el Caribe,  |c 1983. 
300 |a xxviii, 505 pages :  |b illustrations ;  |c 31 cm. 
336 |a text  |b txt  |2 rdacontent 
337 |a unmediated  |b n  |2 rdamedia 
338 |a volume  |b nc  |2 rdacarrier 
500 |a Introduction in Spanish, English and French. 
504 |a Includes bibliographies and indexes. 
650 0 |a Ecology  |z Latin America  |x Directories. 
650 0 |a Ecology  |x Research  |z Latin America  |x Directories. 
710 2 |a Unesco.  |b Regional Office for Science and Technology for Latin America and the Carribean. 
740 0 |a Directorio latinoamericano de ciencias ecologicas. 
740 0 |a Latin American directory of ecology sciences. 
740 0 |a Repertoire latino-americain des sciences ecologiques. 
999 |a MARS 
999 f f |s 57b0950e-ec7b-328f-9c7f-629448ffcf54  |i 0aed4168-315b-3257-b2d3-0140094e33f6  |t 0 
952 f f |p ric  |a Texas A&M University  |b Rellis Campus  |c Joint Library Facility  |d Remote Storage  |t 0  |e QH541.2 .D57 1983  |h Library of Congress classification  |i unmediated -- volume  |m A14808168037 
998 f f |a QH541.2 .D57 1983  |t 0  |l Remote Storage